00000000nam##2200000za#4500
0019.571675
003CaOODSP
00520211126112845
007cr |||||||||||
008150406|1997||||xxc|||||o    f|0| 0 eng|d
022 |a1701-9397
040 |aCaOODSP|beng
043 |an-cn---
0861 |aFB3-2/97-8E-PDF
1102 |aBank of Canada.
24510|aImplementation of monetary policy in a regime with zero reserve requirements / |h[electronic resource]|cby Kevin Clinton.
260 |aOttawa - Ontario : |bBank of Canada |cApril 1997.
300 |a25p.|bfig., graphs, references
4901 |aBank of Canada working paper|x1701-9397|v97-8
500 |a"This paper outlines a general framework for implementing monetary policy in a regime with zero reserve requirements, focusing on the case of Canada."--Introduction and summary.
500 |aThe ISBN (0-662-25663-8) and ISSN (1192-5434) for the print edition have been incorrectly copied in this electronic publication.
5203 |aThis paper outlines a general framework for implementing monetary policy in a regime with zero reserve requirements, focusing on the case of Canada.--Introduction and summary
546 |aRésumé en français.
590 |a11-19-Supp|b2011-09-23
7201 |aClinton, Kevin
7760#|tImplementation of monetary policy in a regime with zero reserve requirements / |w(CaOODSP)9.613755
830#0|aWorking paper (Bank of Canada)|x1701-9397|v97-8|w(CaOODSP)9.504604
85640|ahttp://publications.gc.ca|qPDF|s109 KB|uhttps://publications.gc.ca/collections/Collection/FB3-2-97-8E.pdf|y97-8